[Event "84th Tata Steel Masters 2022"]
[Site "Wijk aan Zee"]
[Date "2022.01.20"]
[Round "5.2"]
[White "Grandelius, Nils"]
[Black "Carlsen, Magnus"]
[Result "1/2-1/2"]
[WhiteElo "2672"]
[BlackElo "2856"]
[Annotator "TA"]
[PlyCount "107"]
[EventDate "2022.01.15"]
[EventType "tourn"]
[EventCountry "NED"]
[Tiebreak "Direct encounter+Number of black games"]
[SourceTitle "playchess.com"]
[Source "ChessBase"]
[SourceQuality "1"]

{[%evp 11,107,19,25,4,26,28,38,21,28,33,27,15,23,17,22,16,29,20,22,29,27,25,29,
26,29,27,85,83,85,19,14,8,0,-56,-39,-48,-54,-51,-48,-44,-61,-44,0,0,0,-43,-50,
-41,-46,-139,-66,-60,-74,-63,-10,-20,0,-70,0,0,0,0,0,0,0,0,0,0,0,-56,-50,-54,
-54,-55,-55,-99,-66,-65,-24,-24,0,0,8,8,8,8,8,8,8,8,8,8,8,8,27,8,8,0]} 1. e4 c5
2. Nf3 Nc6 3. d4 cxd4 4. Nxd4 e6 5. Nc3 Qc7 6. Be3 a6 7. g4 {B48: Sicilian:
Taimanov: 5 Nc3 Qc7 6 Be3 a6 without Be2.} Nxd4 8. Qxd4 b5 9. O-O-O {White is
slightly better.} Bb7 10. f3 Rc8 {And now ...b4 would win.} 11. Qd2 $1 {
[%cal Of1b5]} Bb4 {[%cal Od7d5]} 12. Bd4 f6 13. g5 {[#]} (13. a3 $5 {[%cal
Ra3b4]} Bd6 14. Bb6 $1 Qxb6 15. Qxd6 Qxd6 16. Rxd6 $11) 13... h6 $146 ({
Predecessor:} 13... Bd6 14. Kb1 Bf4 15. Qg2 Bxg5 16. e5 b4 17. Ne4 Bxe4 18.
fxe4 Qc6 19. Bd3 Ne7 {1-0 (33) Tari,A (2642)-Suvorov,A (2363) Struga 2021}) 14.
gxh6 Nxh6 15. a3 Bxa3 16. bxa3 e5 {[#]} 17. Nxb5 $1 axb5 18. Bb2 d5 (18... Nf7
$1 $11) 19. Bxb5+ $16 Kf8 20. Ba4 {White is more active.} (20. Qb4+ $1 $16 Kg8
21. Qb3) 20... d4 $1 $11 21. Bb3 Nf7 22. Qb4+ (22. h4 $11) 22... Kg8 $1 $15 {
[%mdl 1024] Black has compensation.} 23. Rd2 {[%cal Of3f4]} Ba6 {aiming for ...
Rb8.} 24. f4 Rb8 $1 25. Qa4 Bb5 26. Qb4 Ba6 (26... Rh3 $15 {might be stronger.}
27. fxe5 fxe5) 27. Qa4 $11 {Black must now prevent fxe5.} Bb5 (27... Kh7 $11
28. fxe5 (28. Bxf7 Qxf7 29. fxe5 fxe5 $11) 28... Nxe5 $1) 28. Qb4 $15 Rh3 $1
29. fxe5 fxe5 {Threatens to win with ...Ba6.} 30. Rg1 {[#]} (30. Rf2 $15 Rxb3
31. Qxb3) 30... Be2 $1 {[%mdl 512]} 31. Bxf7+ Kxf7 32. Qa4 Qb7 33. Qb4 $1 $11
Qc7 34. Qa4 $1 $15 {Dancing on a razor blade.} Bb5 (34... Rxh2 35. Bc3 (35.
Bxd4 $2 exd4 36. Qxd4 Ke8 $17) 35... Bb5 36. Qb3+ Bc4 37. Ba5 $1 Rxb3 38. Bxc7
Rb1+ 39. Kxb1 $11) (34... Bc4 $15 35. Rdg2 Rh7 36. Rf2+ Kg8) 35. Rdg2 $1 $11
Rh7 $40 {[%mdl 128] Black has some attack.} 36. Qb3+ (36. Qb4 Kg8 37. Qb3+ Bc4
$17) 36... Bc4 37. Qg3 {[%cal Rg3g7] Strongly threatening Qxg7+!} Qb6 38. Qg6+
Qxg6 39. Rxg6 Rc8 ({Resist} 39... Rxh2 40. Rxg7+ Kf8 41. a4 $14 (41. R7g5 Rc8
$11)) 40. R6g5 (40. Kb1 $11) 40... Bd3 $1 $15 41. Rf5+ $1 Kg8 42. Rf2 Rh6 {
...Rhc6 is the strong threat.} ({Much worse is} 42... Bxe4 43. Rg5 $11) 43. Rd1
(43. Rd2 $15 Bxe4 44. Re1) 43... Bxe4 44. Re1 {[#]} Rh4 (44... Rf6 $1 $15 45.
Rxf6 Rxc2+ 46. Kd1 gxf6 47. Bxd4 Bd3) 45. a4 $11 Rc5 46. Ba3 Rc8 47. Be7 Rg4
48. h3 Rg2 49. Rxg2 Bxg2 50. Rxe5 d3 51. Bc5 Ra8 52. cxd3 Rxa4 53. Kd2 Bxh3 54.
Re4 {Weighted Error Value: White=0.13 (very precise) /Black=0.12 (very precise)
} 1/2-1/2

[Event "84th Tata Steel Masters 2022"]
[Site "Wijk aan Zee"]
[Date "2022.01.20"]
[Round "5.3"]
[White "Esipenko, Andrey"]
[Black "Caruana, Fabiano"]
[Result "1/2-1/2"]
[WhiteElo "2714"]
[BlackElo "2792"]
[Annotator "TA"]
[PlyCount "125"]
[EventDate "2022.01.15"]
[EventType "tourn"]
[EventCountry "NED"]
[Tiebreak "Direct encounter+Number of black games"]
[SourceTitle "playchess.com"]
[Source "ChessBase"]
[SourceQuality "1"]

{[%evp 14,125,-3,-3,-4,-62,-40,-65,-32,-38,-35,-92,0,-31,-28,-37,-22,-43,-22,
-11,0,-20,-41,-102,-94,-82,-99,-129,-116,-117,-59,-68,-56,-56,-58,-59,-45,-64,
-41,-65,-65,-108,-39,-113,-102,-126,-133,-127,-134,-110,-114,-145,-146,-140,
-50,-46,-83,-77,-79,-69,-71,-103,-30,-29,-27,-27,-27,-28,-28,-26,-25,-24,-14,
-17,-11,-15,-15,-16,-14,-22,-14,-14,-18,-22,-22,-28,-8,-44,-8,-14,-14,-14,-8,
-14,-22,-50,-50,-50,-56,-64,-44,-71,-71,-78,-8,-8,0,0,0,0,0,0,0,0]} 1. d4 Nf6
2. c4 e6 3. Nf3 d5 4. Nc3 c6 5. e3 Nbd7 6. Qc2 Bd6 7. g4 h6 8. Bd2 dxc4 {
D45: Semi-Slav: 5 e3.} 9. Rg1 (9. Bxc4 $11 b5 10. Be2) 9... b5 $15 10. e4 {
Threatens to win with e5.} e5 {Strongly threatening ...exd4. Black is slightly
better.} (10... Be7 $5 {[%cal Rc8b7]}) 11. O-O-O $1 Qc7 12. Kb1 {[#]} (12. h4
$1 $15) 12... Bb7 $146 (12... exd4 $17 13. Nxd4 Bxh2) ({Predecessor:} 12...
exd4 13. Nxd4 Bxh2 14. Rh1 Be5 15. Bc1 Nxg4 16. f3 Ngf6 17. f4 Bxd4 18. Rxd4
Nc5 {0-1 (48) Palladino,M (2326)-Goins,D (2110) ICCF email 2018}) 13. h4 O-O-O
14. g5 hxg5 15. hxg5 Ng8 $36 {[%mdl 2048] Black has some pressure.} 16. g6 f6
17. dxe5 Bxe5 18. Ne2 (18. Nxe5 $15 fxe5 19. Be3) 18... c5 19. Nxe5 Nxe5 20.
Bg2 {Inhibits Nf3.} Ne7 (20... Nxg6 $6 21. Nc3 a6 22. Nd5 Bxd5 23. exd5 $11)
21. Nf4 Qb6 {Inhibits Ne6.} (21... N5xg6 22. Ne6 Qe5 23. Nxd8 Rxd8 24. f3 $16)
(21... Rd6 $17 22. Be3 N5xg6) 22. Be3 $1 Kb8 (22... N5xg6 23. Rxd8+ Qxd8 24.
Ne6 $11) (22... b4 {feels hotter.} 23. Nd5 Nxd5 24. exd5 Qb5 25. Rh1 Rxh1 26.
Bxh1 Kb8) 23. b4 cxb3 (23... N7xg6 24. Bxc5 Qa6 25. Rxd8+ Rxd8 26. Nxg6 Nxg6
27. Rd1 $11) 24. Rxd8+ Rxd8 25. axb3 Rc8 {Hoping for ...Ng4.} 26. Rc1 {[%cal
Re3c5]} Qa5 (26... N5xg6 27. Nd3 $14) (26... N7xg6 27. Nd5 Qa5 28. f4 $11) 27.
Qa2 (27. Kb2 $15 {deserves consideration.}) 27... Qxa2+ $17 28. Kxa2 c4 (28...
N7xg6 $6 29. Nxg6 Nxg6 30. Rxc5 $15) (28... N5xg6 $6 29. Ne6 $11) 29. bxc4 Nxc4
({Weaker is} 29... Rxc4 30. Rxc4 bxc4 31. Ne6 $11) 30. Bd4 Nc6 31. Bc3 N6e5 32.
Bh3 Rh8 {White must now prevent ...Rh4.} ({Much less strong is} 32... Bxe4 33.
Bxc8 Kxc8 34. Kb3 $14) 33. Bf5 {[#]} Rh2 (33... Rh4 $1 $17 {[%cal Rh4f4]} 34.
Ne6 Bxe4 35. Bxe5+ Nxe5 36. Nxg7 Bxf5 37. Nxf5 Ra4+ 38. Kb3 Nxg6) 34. Ne6 $15
Rxf2+ 35. Ka1 {[#]} Rg2 $1 ({But not} 35... Nd3 36. Rd1 b4 37. Rxd3 bxc3 38.
Rxc3 Rf1+ 39. Ka2 Rf2+ 40. Ka1 Rf1+ 41. Ka2 Rf2+ 42. Ka1 $11) 36. Nxg7 Nxg6 37.
Nh5 Ne7 ({Better is} 37... Bc6 $17 38. Be6 Bxe4 39. Nxf6 Bc2) 38. Be6 $1 $11 {
This bishop pair is nice.} Bxe4 39. Bxc4 bxc4 40. Bxf6 Nd5 {And now ...Nb4
would win.} 41. Rxc4 Rg1+ 42. Kb2 Bf5 43. Be5+ Kb7 44. Nf4 Nb6 45. Rc7+ Ka6 46.
Bd4 Rb1+ 47. Ka3 Rd1 48. Bxb6 axb6 {[%mdl 4096] Endgame KRB-KRN} 49. Ne2 b5 50.
Nc3 Rh1 (50... Rd3 $5 {[%cal Ra6b6]} 51. Rc5 Bd7 $15) 51. Rf7 Bd3 52. Rf3 Bf1
53. Rf2 Bc4 54. Rd2 Ka5 55. Kb2 Rh3 56. Rf2 Rh5 57. Rd2 b4 58. Na2 Bxa2 (58...
Rh3 $17) 59. Kxa2 {The position is equal.} Rb5 60. Kb3 Rc5 61. Rd3 Rc3+ 62.
Rxc3 bxc3 63. Kxc3 {Weighted Error Value: White=0.10 (very precise) /Black=0.
14 (very precise)} 1/2-1/2

[Event "84th Tata Steel Masters 2022"]
[Site "Wijk aan Zee"]
[Date "2022.01.20"]
[Round "5.4"]
[White "Van Foreest, Jorden"]
[Black "Mamedyarov, Shakhriyar"]
[Result "0-1"]
[WhiteElo "2702"]
[BlackElo "2767"]
[Annotator "TA"]
[PlyCount "88"]
[EventDate "2022.01.15"]
[EventType "tourn"]
[EventCountry "NED"]
[Tiebreak "Direct encounter+Number of black games"]
[SourceTitle "playchess.com"]
[Source "ChessBase"]
[SourceQuality "1"]

{[%evp 17,88,0,4,0,0,-2,0,-4,0,0,0,-2,7,0,13,0,12,6,14,0,0,-36,-38,-47,-39,-85,
-84,-80,-68,-82,-66,-68,-79,-69,-62,-89,-66,-56,-72,-94,-97,-116,-56,-67,-45,
-46,-45,-45,-45,-58,-45,-45,-41,-220,-211,-222,-205,-454,-431,-450,-410,-532,
-448,-439,-375,-5918,-1917,-4913,-3218,-2633,-1722,-1664,-877]} 1. e4 e5 2. Nf3
Nc6 3. Bb5 a6 4. Ba4 Nf6 5. O-O Nxe4 6. d4 b5 7. Bb3 d5 8. dxe5 Be6 9. a4 (9.
c3 Bc5 10. Nbd2 O-O 11. Bc2 Nxf2 12. Rxf2 f6 13. Nf1 Bxf2+ 14. Kxf2 fxe5 15.
Kg1 Bg4 16. Bg5 Bxf3 17. Qd2 Qd6 18. gxf3 e4 19. fxe4 Ne5 20. Kh1 Nf3 {0-1 (63)
Van Foreest,J (2688)-Mamedyarov,S (2782) Zagreb 2021}) 9... b4 10. Be3 {
C80: Open Ruy Lopez: Sidelines and 9 Nbd2.} Be7 11. a5 {[#] aiming for Ba4.}
O-O {[%cal Od5d4]} 12. Qd3 {To avoid d4. The position is equal.} Nc5 13. Bxc5
Bxc5 14. c3 {[#]} Ne7 $146 ({Predecessor:} 14... d4 15. Bxe6 fxe6 16. c4 Rf4
17. Nbd2 Qd7 18. b3 Rf5 19. Rfe1 Raf8 20. Re2 Qf7 {½-½ (27) Louro,E (1906)
-Cabrera Trujillo,C (1876) IECC email 2018}) 15. Nbd2 bxc3 16. bxc3 Ba7 (16...
Bf5 $5 17. Qe2 c6 $11) 17. Nd4 Bd7 {[%cal Be6d7,Bd7e8,Be8f7][%mdl 32]} 18. N2f3
{[%cal Oe5e6]} c5 $1 19. e6 {[%cal Ob3c2] [#] Threatens to win with Bc2!} Be8
20. Ng5 {[%csl Gg5][%cal Rd3h7]} f5 $1 (20... Ng6 $2 21. exf7+ Bxf7 22. Nxf7
Rxf7 23. Nc6 $18) 21. Nf7 Rxf7 $17 (21... Bxf7 22. exf7+ Rxf7 23. Ne6 $11) 22.
exf7+ Bxf7 23. Nxf5 c4 24. Bxc4 {Nxe7+ is the strong threat.} Nxf5 25. Bxa6 Nd6
26. Qf3 Bc5 27. Bd3 Rxa5 28. Rxa5 Qxa5 29. h4 h5 (29... g6 $17 30. Rc1 Qa3) 30.
g3 $15 Ne8 31. c4 ({But not} 31. Bh7+ Kxh7 32. Qxf7 Nf6 $17) 31... dxc4 32.
Bh7+ Kf8 $1 {And now ...Nf6 would win.} 33. Bg6 $1 {[%csl Gg6][%cal Rf3f7]} Nf6
34. Bxf7 Kxf7 35. Rc1 $2 {This move loses the game for White.} (35. Qb7+ $1 $15
Kg6 36. Qb1+ Kf7 37. Qb7+ Kg6 38. Qb1+ Kf7 39. Qb7+) 35... Qc7 36. Kg2 Bd4 37.
Qa8 $2 (37. Rb1 Bb6 38. Rc1) 37... c3 $19 38. Qa2+ Kg6 39. Qc2+ Kh6 40. Qd3
Qb7+ 41. f3 $2 (41. Qf3 Nd5 42. Kh1) 41... Qb2+ {Black is clearly winning.} 42.
Rc2 Qb1 {[%cal Of6d5] White must now prevent ...Nd5!} 43. Qf5 {To avoid Nd5}
Be3 {Hoping for ...Qg1+.} 44. Kh3 Qd1 {Weighted Error Value: White=0.37/
Black=0.06 (flawless)} 0-1

[Event "84th Tata Steel Masters 2022"]
[Site "Wijk aan Zee"]
[Date "2022.01.20"]
[Round "5.5"]
[White "Rapport, Richard"]
[Black "Praggnanandhaa R"]
[Result "1-0"]
[WhiteElo "2763"]
[BlackElo "2612"]
[Annotator "TA"]
[PlyCount "111"]
[EventDate "2022.01.15"]
[EventType "tourn"]
[EventCountry "NED"]
[Tiebreak "Direct encounter+Number of black games"]
[SourceTitle "playchess.com"]
[Source "ChessBase"]
[SourceQuality "1"]

{[%evp 12,111,8,0,0,0,0,0,0,0,0,-29,-25,-18,-32,-42,-40,-44,0,-48,-39,-47,-22,
-42,85,67,96,41,109,83,100,100,95,106,108,83,88,83,87,80,80,77,45,72,92,90,90,
91,84,51,58,53,192,189,201,218,214,203,206,210,478,453,424,351,343,351,327,339,
318,320,386,374,357,368,882,470,433,264,448,303,278,266,473,329,514,506,725,
716,725,708,831,768,1044,1027,831,826,2540,2506,29960,9841,5529,6509]} 1. d4
Nf6 2. c4 e6 3. Nc3 Bb4 4. Qc2 O-O 5. a3 Bxc3+ 6. Qxc3 d5 7. Bg5 c5 {E36:
Nimzo-Indian: Classical: 4...d5 5 a3.} 8. dxc5 d4 9. Qg3 {9.Qf3 deserves study.
} Nbd7 {The position is equal.} 10. Nf3 $40 {[%mdl 128] White attacks.} e5 $1
11. Rd1 $5 {[%mdl 4] Leaves trodden paths.} Re8 12. b4 {To avoid Qa5} a5 13.
Nd2 axb4 14. axb4 {[#]} Kf8 $146 (14... e4 $15 {is superior.}) ({Predecessor:} 
14... Qc7 15. e3 Nh5 16. Qh4 Nf4 17. Ne4 Ng6 18. Qg3 f6 19. Bd3 fxg5 20. O-O
Nf6 {½-½ (35) Lautenbach,W (2260)-Ugrinovsky,A (2167) ICCF email 2011}) 15.
Qb3 (15. e4 $11 {should be considered.}) 15... h6 $15 {[%mdl 1024] Black has
compensation.} 16. Bh4 e4 $1 17. e3 d3 {[#]} (17... Ne5 $1 $15 {keeps the
upper hand.}) 18. h3 $1 $16 g5 19. Bg3 Ne5 (19... Kg8 $14) 20. Qb2 Qe7 21. Ra1
Rxa1+ 22. Qxa1 Bf5 23. Bxe5 Qxe5 24. Qxe5 Rxe5 25. g4 Bg6 26. Bg2 Re8 27. Nb1
Nd7 28. Kd2 Ra8 29. Kc3 ({Reject} 29. Nc3 $6 Ne5 30. Rd1 (30. Bxe4 Bxe4 31.
Nxe4 Ra2+ 32. Kc3 Ra3+ 33. Kd4 Nc6+ 34. Kd5 d2 $11) (30. Nxe4 Ra2+ 31. Kc3 Ra3+
32. Kd4 Nc6+ 33. Kd5 d2 $11) 30... Nxc4+ 31. Ke1 d2+ 32. Rxd2 Nxd2 33. Kxd2 Re8
$15) 29... Ra2 30. Rd1 Rxf2 31. Rd2 Rf6 {This costs Black the game.} (31...
Rxd2 $1 $14 32. Nxd2 Nf6) 32. Kd4 $18 Re6 33. Nc3 {[%cal Rc3e4]} Nf6 34. b5 Kg7
35. Ra2 {Black must now prevent Ra7.} h5 $2 (35... Re8 {might work better.} 36.
c6 bxc6) 36. gxh5 Bf5 37. Rb2 Kh6 38. Rf2 Bh7 39. Nd5 Nxh5 40. Rxf7 d2 41. Nc3
Ng3 {[%cal Og3e2] Hoping for ...Ne2+!} 42. Nd1 {Threatens to win with Kc3.} ({
Wrong is} 42. Rxb7 $2 {[#]} Ne2+ $1 {[%mdl 512]} 43. Kd5 Nxc3+ 44. Kxe6 d1=Q
$19) 42... Ne2+ 43. Kd5 Re8 {Strongly threatening ...Bg8.} 44. Kd6 ({Weaker is
} 44. Rxb7 Bg8+ 45. Kc6 Bxc4 $18) 44... Bg6 $2 (44... Bg8 45. Rxb7 Bxc4) 45.
Rd7 {aiming for Kc7.} Nf4 (45... Rb8 $2 46. Kc7 Re8 47. Kxb7 $18) 46. Kc7 {
[%cal Oc7b7]} Nxg2 $2 (46... Nd3 {keeps fighting.} 47. Bf1 Nxc5 48. Rxd2 Re7+
49. Kb6 Na4+ 50. Ka5 Nc5) 47. Rxd2 Ne1 (47... Re5 $142 48. Rxg2 Rxc5+ 49. Kxb7
Rxc4) 48. Kxb7 Nd3 49. c6 {[%cal Bc5c6,Bc6c7][%mdl 32]} Bf5 50. c7 Re5 51. Nb2
Nc5+ 52. Kc6 Nb3 53. Rd8 Rc5+ 54. Kd6 g4 55. hxg4 Bxg4 56. b6 {Weighted Error
Value: White=0.16 (very precise) /Black=0.52} 1-0

[Event "84th Tata Steel Masters 2022"]
[Site "Wijk aan Zee"]
[Date "2022.01.20"]
[Round "5.6"]
[White "Duda, Jan-Krzysztof"]
[Black "Karjakin, Sergey"]
[Result "1/2-1/2"]
[WhiteElo "2760"]
[BlackElo "2743"]
[Annotator "TA"]
[PlyCount "72"]
[EventDate "2022.01.15"]
[EventType "tourn"]
[EventCountry "NED"]
[Tiebreak "Direct encounter+Number of black games"]
[SourceTitle "playchess.com"]
[Source "ChessBase"]
[SourceQuality "1"]

{[%evp 9,72,46,67,75,128,13,16,12,37,39,64,3,7,-29,-28,-51,-42,-55,0,0,0,22,25,
-75,-62,-80,-78,-109,-109,-108,-106,-111,-104,-101,-79,-88,-60,-92,-22,-7,0,0,
0,0,0,-65,-59,-68,0,-68,-67,-68,-55,-58,0,0,0,0,0,0,173,-31,0,0,188]} 1. d4 d5
2. c4 dxc4 3. e4 b5 4. a4 c6 5. axb5 cxb5 6. Nc3 {D20: Queen's Gambit Accepted:
3 e3 and 3 e4.} Qb6 (6... a6 $142) 7. Be2 {7.b3 is becoming the main line.} (7.
Nd5 $16 Qc6 8. Bf4) 7... e6 $11 8. Nh3 {[#]} Bb7 $146 ({Predecessor:} 8... Bb4
9. O-O Ne7 10. Be3 O-O 11. Bf3 Bb7 12. Nf4 Rd8 13. Qe2 Nd7 14. Rfd1 Nf8 {
0-1 (55) Tsolakidou,S (2377)-Lin,D (2222) Charlotte 2021}) 9. O-O Nf6 10. e5 (
10. Be3 $1 $14) 10... Nd5 11. Nxd5 Bxd5 12. Nf4 Nc6 13. Be3 {[%cal Ob2b3]} Rd8
(13... Be7 $15) 14. b3 Bb4 15. bxc4 bxc4 16. Qc2 (16. Nh5 $11 {remains equal.})
16... O-O $17 (16... Nxd4 $2 17. Bxd4 Qc6 18. Nxd5 exd5 19. Rxa7 $18) 17. Rfd1
Ne7 18. Nxd5 exd5 19. f4 {[%cal Bf2f4,Bf4f5][%mdl 32]} a5 20. f5 f6 21. e6 g6
22. g4 Kh8 23. Kh1 Rg8 (23... Rb8 $17 24. Rdb1 Qc7) 24. Rf1 $1 $11 gxf5 25.
gxf5 Bd6 26. Rab1 $1 Qc7 27. Bh5 {Active counter play!} (27. Bd1 $1 $11) 27...
Rb8 $1 $15 {[%cal Ob8b3]} 28. Qf2 {Hoping for Rxb8.} c3 (28... Rxb1 $1 $15 29.
Rxb1 c3) 29. Bh6 ({Better is} 29. Rxb8 $11 Qxb8 30. Bf7) 29... Rxb1 30. Rxb1
Qc4 31. Be2 {[#] Inhibits Qd3.} Qa2 ({Black should try} 31... c2 $1 $15 32. Rc1
(32. Rf1 Qb4) 32... Qb4) 32. Rc1 $1 $11 {[%cal Of2h4]} Nc6 33. Rg1 {White
wants to mate with Rxg8+.} Ne7 {Threatens to win with ...Rxg1+.} 34. Rc1 {
[%cal Of2h4] Black must now prevent Qh4!} Rg4 {Prevents Qh4.} 35. Be3 $2 {
[#] This bishop pair is nice.} ({Weaker is} 35. Rxc3 Qb1+ 36. Qf1 Qxf1+ 37.
Bxf1 Nxf5 38. Rc8+ Rg8 $17) (35. Rf1 $1 $18 Re4 36. Qg1) 35... Rg7 (35... Ba3
$1 $15 36. Re1 Rg8) 36. Bh6 $18 Rg4 $1 {Weighted Error Value: White=0.30/
Black=0.25 (precise)} 1/2-1/2

[Event "84th Tata Steel Masters 2022"]
[Site "Wijk aan Zee"]
[Date "2022.01.20"]
[Round "5.7"]
[White "Dubov, Daniil"]
[Black "Shankland, Sam"]
[Result "1/2-1/2"]
[WhiteElo "2720"]
[BlackElo "2708"]
[Annotator "TA"]
[PlyCount "73"]
[EventDate "2022.01.15"]
[EventType "tourn"]
[EventCountry "NED"]
[Tiebreak "Direct encounter+Number of black games"]
[SourceTitle "playchess.com"]
[Source "ChessBase"]
[SourceQuality "1"]

{[%evp 11,73,12,17,11,17,10,10,19,0,0,21,0,0,-16,-32,-32,0,-35,0,-70,0,0,0,0,0,
-12,26,39,47,42,77,50,48,75,60,27,33,43,36,35,40,35,37,43,38,41,45,37,32,25,25,
15,17,23,37,43,35,21,25,0,14,0,0,-10]} 1. d4 d5 2. c4 e6 3. Nf3 Nf6 4. g3 Bb4+
5. Bd2 a5 6. Bg2 O-O 7. Qc1 {7.Qc2 is becoming the main line. E11: Bogo-Indian.
} Nbd7 8. O-O Be7 9. Rd1 c6 10. Bf4 {[#]} a4 $146 ({Predecessor:} 10... b6 11.
Ne5 Bb7 12. cxd5 cxd5 13. Nc6 Bxc6 14. Qxc6 Rc8 15. Qb5 Nh5 16. Bd2 Nhf6 17.
Nc3 Ne8 18. Qd3 Nd6 19. b3 f5 20. Rac1 Nf6 21. Nb5 Qd7 22. Nxd6 {½-½ (22)
Gelfand,B (2663)-Cheparinov,I (2664) Warsaw 2021}) 11. h4 h6 12. Ne5 Nh5 13.
Be3 Nhf6 14. Bf4 Nh5 15. Bd2 (15. Be3 $11) 15... Nhf6 (15... Nxe5 $15 16. dxe5
f6) 16. Nd3 Nb6 17. c5 Nbd7 18. Bb4 b6 19. cxb6 Bxb4 20. Qxc6 ({Of course not} 
20. Nxb4 Qxb6 21. Nc2 c5 $15) 20... Ba5 {[#]} 21. b7 {White is more active.} ({
Reject} 21. Qxa8 Qxb6 22. Nc5 Nxc5 23. dxc5 Qxc5 $15) 21... Bxb7 22. Qxb7 Qe7
23. Qb5 a3 24. Nxa3 Rfb8 25. Qc6 Rc8 26. Qa4 {Threatens to win with Qb3.} Bc3
$1 27. Qb3 {Strongly threatening Nb5.} Bxb2 28. Qxb2 Qxa3 29. Qxa3 (29. Rdc1 {
is interesting.} Rxc1+ 30. Qxc1 Nb6 31. Bf1 Nc4 32. e3) 29... Rxa3 30. Rdc1
Rca8 31. Nb4 R3a4 32. Rab1 g5 ({Resist} 32... Rb8 {[#]} 33. Nxd5 $1 exd5 34.
Rxb8+ Nxb8 35. Rc8+ Kh7 36. Rxb8 $16) 33. hxg5 hxg5 34. Rb3 Nb6 35. Rc2 Kg7 36.
e3 Nc4 37. Rc1 {Weighted Error Value: White=0.09 (flawless) /Black=0.09 
(flawless)} 1/2-1/2

[Event "84th Tata Steel Masters 2022"]
[Site "Wijk aan Zee"]
[Date "2022.01.21"]
[Round "6.1"]
[White "Carlsen, Magnus"]
[Black "Rapport, Richard"]
[Result "1-0"]
[WhiteElo "2856"]
[BlackElo "2763"]
[Annotator "TA"]
[PlyCount "61"]
[EventDate "2022.01.15"]
[EventType "tourn"]
[EventCountry "NED"]
[Tiebreak "Direct encounter+Number of black games"]
[SourceTitle "playchess.com"]
[Source "ChessBase"]
[SourceQuality "1"]

{[%evp 11,61,0,0,0,27,9,7,0,12,12,18,17,14,6,7,8,6,10,6,6,8,6,5,7,5,0,20,14,16,
0,56,83,127,120,145,151,234,239,226,226,356,362,504,504,890,864,952,927,858,
812,875,812]} 1. Nf3 d5 2. d4 Nf6 3. c4 e6 4. g3 dxc4 5. Bg2 Nc6 6. O-O Rb8 $1
7. Be3 $5 {[%mdl 4] An interesting side line. E04: Open Catalan: 5 Nf3.} Bd6 {
[#]} 8. Qc1 $146 ({Predecessor:} 8. Nfd2 O-O 9. Nxc4 Ne7 10. Bg5 Nd7 11. e4 f6
12. Be3 Nb6 13. Nbd2 Nxc4 14. Nxc4 b5 {1-0 (47) Mulyar,M (2385)-Zeng,S (1863)
Philadelphia 2018}) 8... b5 9. b3 {The position is equal.} Bb7 10. bxc4 bxc4
11. Qxc4 Nb4 12. a3 Nbd5 13. Bg5 O-O 14. Nbd2 h6 15. Bxf6 Nxf6 16. Rfc1 Nd7 17.
Qa4 c5 18. Qxa7 Bxf3 19. Bxf3 cxd4 20. Ra2 ({Not} 20. Qxd4 Be5 21. Qe3 Bxa1 22.
Rxa1 Qa5 $17) 20... Qe7 (20... Ne5 $11) 21. a4 $1 $14 {[%cal Ba3a4,Ba4a5,Ba5b6,
Bb6b7][%mdl 32]} ({Reject} 21. Qxd4 Bxa3 22. Rc6 Bc5 $11) 21... Rfd8 (21... Rb4
$142) 22. Qxd4 $16 Rb4 23. Qc3 {White is more active.} Nb6 (23... Ne5 $16 {
is a better defense.}) 24. a5 $18 Qa7 25. Qe3 {[#] aiming for Rc6.} Be7 (25...
Rc8 {was necessary.} 26. Rca1 Bc5 27. axb6 Qxb6) 26. Rcc2 Bg5 27. Qc5 {White
is clearly winning.} ({Less strong is} 27. axb6 Qxa2 28. Rxa2 Bxe3 29. fxe3
Rxb6 $16) 27... Be7 {[#]} (27... Qe7 $142 28. Qxe7 Bxe7 29. axb6 Rxb6) 28. axb6
$1 Qxa2 (28... Qd7 29. Qc7) 29. Qxe7 Qxc2 30. Qxd8+ Kh7 31. b7 {Weighted Error
Value: White=0.02 (flawless) /Black=0.29 (precise)} 1-0

[Event "84th Tata Steel Masters 2022"]
[Site "Wijk aan Zee"]
[Date "2022.01.21"]
[Round "6.3"]
[White "Mamedyarov, Shakhriyar"]
[Black "Grandelius, Nils"]
[Result "1/2-1/2"]
[WhiteElo "2767"]
[BlackElo "2672"]
[Annotator "TA"]
[PlyCount "31"]
[EventDate "2022.01.15"]
[EventType "tourn"]
[EventCountry "NED"]
[Tiebreak "Direct encounter+Number of black games"]
[SourceTitle "playchess.com"]
[Source "ChessBase"]
[SourceQuality "1"]

{[%evp 11,31,17,24,10,22,0,0,9,9,6,8,-13,0,-50,0,-8,0,0,-10,-22,-22,-6]} 1. Nf3
c5 2. c4 Nc6 3. Nc3 Nf6 4. e3 a6 5. d4 cxd4 6. exd4 d5 7. Bg5 {B13: Caro-Kann:
Exchange Variation and Panov-Botvinnik Attack.} Be6 8. Be2 (8. c5 {seems
wilder.} g6 9. Bf4 Bg7 10. Qb3 Ra7 11. Be2) 8... g6 9. Bxf6 exf6 10. O-O Bg7
11. c5 O-O {[#]} 12. b4 $146 (12. Qd2 $11) ({Predecessor:} 12. a3 f5 13. Qd2 h6
14. Rad1 g5 15. Rfe1 g4 16. Ne5 Nxe5 17. dxe5 d4 18. Qxd4 Qxd4 19. Rxd4 Bxe5 {
0-1 (46) Mchedlishvili,M (2639)-Dominguez Perez,L (2726) Leon 2012}) 12... f5 (
12... g5 $15) 13. Qd2 $1 $11 {The position is equal.} Qf6 {[%cal Rc6d4]} 14.
Rfd1 g5 {Threatening ...g4.} 15. Nxg5 Qxd4 16. Qxd4 {A balanced but
interesting game.  Weighted Error Value: White=0.11 (very precise) /Black=0.06
(flawless)} 1/2-1/2